Welcome to CU Library Online Public Access Catalogue (OPAC)

How to win souls & influence people / (Record no. 6106)

MARC details
000 -LEADER
fixed length control field 00588cam a2200205 a 4500
001 - CONTROL NUMBER
control field 12446099
005 - DATE AND TIME OF LATEST TRANSACTION
control field 20250531150929.0
008 - FIXED-LENGTH DATA ELEMENTS--GENERAL INFORMATION
fixed length control field 010619s1999 nju b 000 0 eng d
020 ## - INTERNATIONAL STANDARD BOOK NUMBER
International Standard Book Number 0882707884
050 00 - LIBRARY OF CONGRESS CALL NUMBER
Classification number BV4520
Item number .C637 1999
082 00 - DEWEY DECIMAL CLASSIFICATION NUMBER
Classification number 248/.5
Edition information 21
100 1# - MAIN ENTRY--PERSONAL NAME
Personal name Comfort, Ray.
245 10 - TITLE STATEMENT
Title How to win souls & influence people /
Statement of responsibility, etc. Ray Comfort.
260 ## - PUBLICATION, DISTRIBUTION, ETC.
Place of publication, distribution, etc. North Brunswick, N.J. :
Name of publisher, distributor, etc. Bridge-Logos Publishers,
Date of publication, distribution, etc. c1999.
300 ## - PHYSICAL DESCRIPTION
Extent 319 p. ;
Dimensions 22 cm.
650 #0 - SUBJECT ADDED ENTRY--TOPICAL TERM
Topical term or geographic name entry element Witness bearing (Christianity)
650 #0 - SUBJECT ADDED ENTRY--TOPICAL TERM
Topical term or geographic name entry element Evangelistic work.
650 #0 - SUBJECT ADDED ENTRY--TOPICAL TERM
Topical term or geographic name entry element Apologetics.
942 ## - ADDED ENTRY ELEMENTS (KOHA)
Source of classification or shelving scheme Library of Congress Classification
Koha item type Books
Suppress in OPAC No
999 ## -
-- 6106
-- 6106
Holdings
Withdrawn status Lost status Source of classification or shelving scheme Damaged status Not for loan Collection Home library Current library Shelving location Date acquired Total checkouts Full call number Barcode Date last seen Copy number Price effective from Koha item type
    Library of Congress Classification     Non-fiction Undergraduate Library (Christ Temple) Undergraduate Library (Christ Temple) General stacks 05/31/2025   BV4520 COM ulct00002802 05/31/2025 1 05/31/2025 Books
© 2023-2024 Copyright: Central University Libraries. All Rights Reserved | Created by: Mahone Tech Office